000 00673nab a2200193 4500
001 244442
003 OSt
005 20230818075101.0
007 tu
008 200917s2020|||||||
040 _aDE-2950
_cDE-2950
245 0 0 _aOdyssee der Minderjährigen.
_bMigration. Unter den Flüchtlingen, die über Polen nach Frankfurt kommen, sind immer mehr unbegleitete Jugendliche. Für sie ist die Stadt oft nur Durchgangsstation/
_cSelim Pekel
264 _c2023
653 _aFrankfurt (Oder)
653 _aFlüchtlinge
653 _aunbegleitete Jugendliche
773 0 _g34. Jahrgang (2023) Nr. 191 vom 17.08.2023, S. 13, mit Foto
_tMärkische Oderzeitung
942 _2z
_cA
999 _c372687
_d372687